The Making of a Poem : (Record no. 16915)

MARC details
000 -LEADER
fixed length control field 01152cam a2200277 a 4500
001 - CONTROL NUMBER
control field 11815477
005 - DATE AND TIME OF LATEST TRANSACTION
control field 20000821101538.0
008 - FIXED-LENGTH DATA ELEMENTS--GENERAL INFORMATION
fixed length control field 991020s2000 nyu b 001 0 eng
020 ## - INTERNATIONAL STANDARD BOOK NUMBER
International Standard Book Number 0393321789
020 ## - INTERNATIONAL STANDARD BOOK NUMBER
International Standard Book Number 0393049167
040 ## - CATALOGING SOURCE
Original cataloging agency DLC
Transcribing agency DLC
Modifying agency DLC
082 00 - DEWEY DECIMAL CLASSIFICATION NUMBER
Classification number 821.008
Edition number 22
Item number MAK
245 04 - TITLE STATEMENT
Title The Making of a Poem :
Remainder of title a Norton Anthology of Poetic Forms /
Statement of responsibility, etc edited by Mark Strand and Eavan Boland.
260 ## - PUBLICATION, DISTRIBUTION, ETC. (IMPRINT)
Place of publication, distribution, etc New York :
Name of publisher, distributor, etc Norton,
Date of publication, distribution, etc 2000.
300 ## - PHYSICAL DESCRIPTION
Extent xxxi, 366 p. ;
Dimensions 24 cm.
504 ## - BIBLIOGRAPHY, ETC. NOTE
Bibliography, etc Includes bibliographical references (p. 335) and index.
650 #0 - SUBJECT ADDED ENTRY--TOPICAL TERM
Topical term or geographic name as entry element English poetry.
9 (RLIN) 30774
650 #0 - SUBJECT ADDED ENTRY--TOPICAL TERM
Topical term or geographic name as entry element American poetry.
9 (RLIN) 30775
650 #0 - SUBJECT ADDED ENTRY--TOPICAL TERM
Topical term or geographic name as entry element Literary form.
9 (RLIN) 30776
653 ## - INDEX TERM--UNCONTROLLED
Resource For college
Arrived date list July2012
700 1# - ADDED ENTRY--PERSONAL NAME
Personal name Strand, Mark,
Dates associated with a name 1934-
9 (RLIN) 30777
700 1# - ADDED ENTRY--PERSONAL NAME
Personal name Boland, Eavan.
9 (RLIN) 30778
942 ## - ADDED ENTRY ELEMENTS (KOHA)
Source of classification or shelving scheme Dewey Decimal Classification
Item type Book - Borrowing
Holdings
Withdrawn status Item status Source of classification or shelving scheme Damaged status Not for loan Vendor Home library Current library Shelving location Date acquired Source of acquisition Cost, normal purchase price Serial Enumeration / chronology Total Checkouts Total Renewals Full call number Barcode Date last seen Date last borrowed Koha item type
    Dewey Decimal Classification     Baccah Central Library Central Library Second Floor 31/07/2012   135.00 15359 2 14 821.008 MAK 000027034 15/07/2025 02/02/2021 Book - Borrowing